000 00541nam a2200217 a 4500
001 BRCA_6220
005 20190320205356.0
008 180711s1922----gw-#######---#000-0#ger-#
041 _ager
044 _agw
050 4 _aCB87
_b.R33
_c1922
100 1 _aRachel, Hugo
_d1872-
_915633
245 1 0 _aGeschichte der Völker und Kulturen
_cHugo Rachel.
250 _a2
260 _aBerlín
_bP. Parey
_c1922
300 _axii, 418 p.
_c25 cm.
500 _aK80
650 1 4 _aCivilización
_xHistoria
_99808
902 _aGFM
942 _2lcc
_cB
999 _c5907
_d5907